Fifa 14 Player Overall 85+ - Statistiken

Allgemein
  • Dieses Quiz wurde 81 mal gespielt
  • Das Durchschnittsergebnis liegt bei 40 aus 47
Antwortstatistiken
Overall Verein Position Nationalität Alter Antwort % Korrekt
92 Real Madrid LW Portugal 28 Cristiano Ronaldo
100%
94 FC Barcelona CF Argentinien 26 Lionel Messi
100%
89 FC Bayern München LM Frankreich 30 Franck Ribery
98%
90 Paris Saint-Germain ST Schweden 31 Zlatan Ibrahimovic
98%
89 FC Liverpool ST Uruguay 26 Luis Suarez
97%
87 FC Bayern München GK Deutschland 27 Manuel Neuer
97%
86 Borussia Dortmund ST Polen 86 Robert Lewandowski
97%
88 FC Bayern München RM Niederlande 29 Arjen Robben
94%
88 FC Bayern München CM Deutschland 28 Bastian Schweinsteiger
94%
86 Real Madrid CM Kroatien 27 Luka Modric
92%
87 FC Arsenal CAM Deutschland 24 Mesut Özil
92%
89 Manchester United ST Niederlande 29 Robin van Persie
92%
88 FC Barcelona CM Spanien 33 Xavi
92%
89 FC Barcelona CM Spanien 29 Andres Iniesta
91%
87 Real Madrid RM Wales 23 Gareth Bale
91%
86 Real Madrid GK Spanien 32 Iker Casillas
91%
85 Borussia Dortmund CB Deutschland 24 Mats Hummels
91%
85 Borussia Dortmund LM Deutschland 24 Marco Reus
89%
88 Paris Saint-Germain CB Brasilien 28 Thiago Silva
89%
85 FC Bayern München RM Deutschland 23 Thomas Müller
89%
87 Manchester United CF England 27 Wayne Rooney
89%
86 Juventus Turin CM Chile 26 Arturo Vidal
88%
87 Manchester City LM Spanien 27 David Silva
88%
88 FC Chelsea LM Belgien 22 Eden Hazard
88%
85 Real Madrid ST Frankreich 25 Karim Benzema
86%
88 Manchester City ST Argentinien 25 Sergio Agüero
86%
86 Real Madrid CB Spanien 27 Sergio Ramos
86%
85 FC Bayern München CAM Deutschland 21 Mario Götze
85%
85 FC Chelsea GK Tschechien 31 Petr Cech
85%
86 Real Madrid RM Argentinien 25 Angel di Maria
83%
86 FC Barcelona CB Spanien 26 Gerard Pique
83%
85 FC Barcelona LW Brasilien 21 Neymar
83%
87 FC Bayern München CDM Deutschland 29 Philipp Lahm
83%
89 AS Monaco ST Kolumbien 27 Radamel Falcao
83%
86 Manchester City CB Belgien 27 Vincent Kompany
83%
87 Paris Saint-Germain ST Uruguay 26 Edinson Cavani
80%
85 Manchester United CB Serbien 31 Nemanja Vidic
80%
85 FC Barcelona CDM Spanien 24 Sergio Busquets
79%
85 Galatasaray Istanbul CAM Niederlande 29 Wesley Sneijder
77%
85 Real Madrid CDM Spanien 31 Xabi Alonso
77%
86 Manchester City CM Elfenbeinküste 27 Yaya Toure
77%
85 Atletico Madrid LM Türkei 26 Arda Turan
70%
86 Juventus Turin ST Argentinien 29 Carlos Tevez
68%
85 AS Roma CDM Italien 29 Daniele de Rossi
68%
87 Manchester United CAM Spanien 25 Juan Mata
68%
86 FC Barcelona CM Spanien 26 Cesc Fabregas
64%
85 AS Roma CB Marokko 26 Medhi Benatia
62%
Keine übereinstimmenden Quizze gefunden
Verteilung der Resultate
Anzahl Personen mit jedem Resultat
Perzentil nach korrekt beantworteten Fragen
Ihre Resultats-Entwicklung
Sie haben dieses Quiz noch nicht gespielt